000 00315 a2200109 4500
001 ART_40490
005 20260410161842.0
008 260409a
245 1 0 _aMarco procesal del principio precautorio
100 1 _aSavignano, Luciano C.
773 0 _tRAP
_g- Año 38, Nº 456 (sep. 2016)
_wREV5941
999 _c24183
_d24183